000
00249 a2200097 4500
001
51080
100
_a
Pirzada S S
245
_a
Collected Works of Quaid-e-Azam Muhammad Ali Jinnah
260
_a
Karachi
_b
East & West Pub
_c
090
_c
32341
_d
32341
942
_a
NUST-CAE
_c
M
_c
24827
999
_c
286153
_d
286153